000 01135nam a2200277 4500
001 0000015906
003 CO-CtgCURN
005 20260203192609.0
008 160627s2003 000 0 eng d
020 _a9586533603
040 _aCO-CtgCURN
_bspa
_ccoctgcurn
082 0 _a343.05
_bS15h
100 1 _aSampedro Arrubla, Julio Andres.
245 1 3 _aLa humanizacion del proceso penal :
_buna propuesta desde la victimología /
_cJulio Andres Sampedro Arrubla.
260 _aBogotá :
_bLegis,
_c2003.
300 _axiii, 333 p.
336 _2rdacontent
337 _2rdamedia
_asin mediacion
_bn
338 _2rdacarrier
_avolumen
_bnc
490 1 _aSerie lex nova
505 8 _aLa memoria de las victimas : un instrumento en la superacion de la barbarie.--El papel de las victimas del delito en el proceso penal.--Hacia una nueva dimension del proceso penal.--El proceso penal desde y hacia las victimas.--Selección de documentos
650 0 _aAdministración de justicia
_zColombia.
908 _a160627
942 _cBK
_h345.05
_iS15h
_2ddc
999 _c49680
_d49680